Largest Cities in the Middle East with Exceptions - Statistics

General Stats
  • This quiz has been taken 56 times
  • The average score is 14 of 15
Answers on the Map
Answers color-coded by a green-red scale on the quiz's map according to % correct below.
 
Answer Stats
Population City % Correct
5,700,000 Amman
100%
3,900,000 Damascus
100%
5,700,000 Dubai
100%
8,400,000 Riyadh
100%
2,725,000 Tel Aviv
100%
7,150,000 Baghdad
98%
2,200,000 Mecca
98%
1,790,000 Beirut
96%
4,500,000 Kuwait City
96%
2,900,000 Sana'a
96%
2,300,000 Doha
93%
5,150,000 Jeddah
89%
1,940,000 Aleppo
87%
2,025,000 Gaza
83%
2,575,000 Dammam
57%
No matching quizzes found
Score Distribution
Percent of People with Each Score
Percentile by Number Answered
Your Score History
You have not taken this quiz